000 01005cab a2200385 4500
001 ABS51725
008 090401t1994 xxu||||| |||| 00| 0 eng d
035 _a(Sirsi) u41894
041 _aeng
245 _aInvestors Chronicle survey: business locations
260 _c1994
350 _a0
490 _aInvestors Chronicle
_v18 November 1994, 85-100(13)
650 _aBROWNFIELD SITES
650 _aBUSINESS LOCATIONS
650 _aBUSINESS PARKS
650 _aCHANNEL TUNNEL
650 _aCONTAMINATED LAND
650 _aContamination
_96231
650 _aECONOMIC DEVELOPMENT
650 _aINNER CITIES
650 _aINWARD INVESTMENT
650 _aKENT
650 _aMIDLANDS
650 _aNORTH OF ENGLAND
650 _aNORTHERN IRELAND
650 _aRELOCATION
650 _aSCOTLAND
650 _aSOUTH-EAST
650 _aSOUTH-WEST
650 _aWALES
690 _aPROPERTY-COMMERCIAL PROPERTY-COMMERCIAL PROPERTY MARKET
942 _n0
948 _c04/03/1997
999 _c26901
_d26901